Propuesta de diseño de un sistema de telefonía móvil HSPA en el departamento de Matagalpa

El presente trabajo consta de una propuesta de diseño de un sistema de telefonía móvil HSPA en el departamento de Matagalpa, además presenta un análisis que se realizó con el apoyo de herramientas de software ATOLL, que mediante la simulación permite realizar una emigración de datos a googl...

Full description

Bibliographic Details
Main Authors: Navarrete Chávez, Jorge Luis, Berrios Carranza, Ricardo José
Other Authors: Tutor: Dalla-Torre Parrales, Cedrick Elksnher
Format: Tesis Section = Libro
Language:Undetermined
Spanish
Published: Managua UNI 2014
Subjects:
LEADER 01221nam a2200265Ia 4500
008 240830s9999 xx 000 0 und d
040 |a BIBLIOTECA-RUSB/ Mon 621.38456 N321 
041 |a spa 
082 |a Mon 621.38456 N321 
100 1 |a Navarrete Chávez, Jorge Luis 
100 1 |b Berrios Carranza, Ricardo José 
245 1 0 |a Propuesta de diseño de un sistema de telefonía móvil HSPA en el departamento de Matagalpa 
260 |a Managua  |b UNI  |c 2014 
300 |a 65 p. :il. 
500 |a Contiene: anexos e Incluye: CD. 
502 |a Tesis (Ingeniero Electrónico) - UNI, 2014. 
520 3 |a El presente trabajo consta de una propuesta de diseño de un sistema de telefonía móvil HSPA en el departamento de Matagalpa, además presenta un análisis que se realizó con el apoyo de herramientas de software ATOLL, que mediante la simulación permite realizar una emigración de datos a google earth. 
650 7 |a SISTEMA DE TELEFONIA MOVIL-DISEÑO 
650 7 |b  DISEÑO DE RED HSPA 
650 7 |c  TECNOLOGIA DE COMUNICACIONES MOVILES 
650 7 |d  DESARROLLO-HERRAMIENTA ATOLL I 
700 1 |a Tutor:  |b Dalla-Torre Parrales, Cedrick Elksnher 
942 |c BK  |2 ddc 
991 |a TESIS 
999 |c 20309